000 00622nam a22001697a 4500
003 OSt
005 20171010095527.0
008 121004t xxu||||| |||| 00| 0 eng d
040 _aMMSU
_cULS
100 _aRuguian, Harley Nazzer C.
_913101
245 _aPotential of corn cobs to control eutrophication in aquatic ecosystems
_cHarley Nazzer C. Ruguian
260 _c2008
300 _axii, 35 leaves
_c28 cm.
500 _aThesis (BS Environmental Science) -- Mariano Marcos State University-College of Agriculture, Food and Sustainable Development, Batac City
504 _aBibliography: leaf 24
942 _2ddc
_cTHEDIS
999 _c9796
_d9796